Empleo un desafio para Colombia : (Registro nro. 5652)

Detalles MARC
000 -LEADER
fixed length control field 01136nam a2200277Ia 4500
003 - CONTROL NUMBER IDENTIFIER
control field OSt
005 - DATE AND TIME OF LATEST TRANSACTION
control field 20200723155935.0
008 - FIXED-LENGTH DATA ELEMENTS--GENERAL INFORMATION
fixed length control field 191128s1999 en ad gr 000 0 spa d
020 ## - INTERNATIONAL STANDARD BOOK NUMBER
International Standard Book Number 9223117925
040 ## - CATALOGING SOURCE
Original cataloging agency CO-JMCCR
Transcribing agency CO-JMCCR
041 0# - LANGUAGE CODE
Language code of text/sound track or separate title spa
082 04 - DEWEY DECIMAL CLASSIFICATION NUMBER
Classification number 331.12 /
Item number O231e
Edition number 23
110 2# - MAIN ENTRY--CORPORATE NAME
Corporate name or jurisdiction name as entry element Colombia Oficina Internacional del Trabajo
9 (RLIN) 7719
245 10 - TITLE STATEMENT
Title Empleo un desafio para Colombia :
Remainder of title un desafío para Colombia /
Statement of responsibility, etc. Oficina Internacional del Trabajo
250 ## - EDITION STATEMENT
Edition statement Primera edición
260 ## - PUBLICATION, DISTRIBUTION, ETC.
Place of publication, distribution, etc. Perú :
Name of publisher, distributor, etc. Organización Internacional del Trabajo,
Date of publication, distribution, etc. 1999.
300 ## - PHYSICAL DESCRIPTION
Extent 275 páginas
Other physical details ilustraciones, cuadros, gráficos a blanco y negro ;
Dimensions 24 cm.
490 0# - SERIES STATEMENT
Series statement Empleo un desafió para Colombia
505 0# - FORMATTED CONTENTS NOTE
Formatted contents note Empleo y desempleo en los 90 -- Escenarios macroeconómicos 1998-2002 y sus implicaciones para el empleo -- Educación y mercados de trabajo -- La reforma del sistema de formación laboral en Colombia -- La institucionalidad laboral
546 ## - LANGUAGE NOTE
Language note spa
650 14 - SUBJECT ADDED ENTRY--TOPICAL TERM
Topical term or geographic name entry element Empleo
9 (RLIN) 4788
650 24 - SUBJECT ADDED ENTRY--TOPICAL TERM
Topical term or geographic name entry element Desempleo
9 (RLIN) 7697
650 24 - SUBJECT ADDED ENTRY--TOPICAL TERM
Topical term or geographic name entry element Política de Empleo
9 (RLIN) 7720
650 24 - SUBJECT ADDED ENTRY--TOPICAL TERM
Topical term or geographic name entry element Mercado de trabajo
9 (RLIN) 7713
942 ## - ADDED ENTRY ELEMENTS (KOHA)
Source of classification or shelving scheme Dewey Decimal Classification
Koha item type Books
Existencias
Withdrawn status Lost status Source of classification or shelving scheme Materials specified (bound volume or other part) Damaged status Not for loan Home library Current library Shelving location Date acquired Source of acquisition Full call number Barcode Date last seen Copy number Price effective from Koha item type
    Dewey Decimal Classification Donación--15/04/2018--     Biblioteca Pública José María del Castillo y Rada Biblioteca Pública José María del Castillo y Rada General Stacks 11/28/2019 Donación 331.12 / O231e 430002962 05/16/2024 Ej.1 11/28/2019 Books